00606nam a22001817a 4500003000900000008004100009040007100050082002600121100004100147245005000188260004300238300002800281440000600309650003200315650002000347650002900367710002800396AR-CdUCM190327b ||||| |||| 00| 0 spa d aMUNICIPALIDAD PROVINCIAL DEL CUSCOcBIBLIOTECA MUNICIPAL DEL CUSCO 22ed.a869.56 / bV32F aVargas Rodríguez, José Guillermo aFábula del fauno socarrón y algo más /  aLima : bEdiciones Maribelina, c1986. a28 páginas ; c21 cm. n4 aPoesía peruana - Siglo XX aPoetas peruanos aPoesía contemporánea aCasa Nacional del Poeta